000 00368nam a2200145Ia 4500
008 100204s9999 xx 000 0 und d
082 _b22034
100 _aROBERT GRAVES
245 _aTHE GREEK MYTHS- VOL-2
260 _b"PPENGUIN BOOKS, ENGLAND"
_c1935
300 _a412
630 _aTHE GREEK MYTHS- VOL-2
730 _aTHE GREEK MYTHS- VOL-2
942 _cBOOK
999 _c467146
_d467143